000 00757cam a22002413a 4500
001 18699
003 PGUSA
005 20140828083410.0
008 060627s2006||||xxu|||||s|||||000 1 eng d
040 _aPGUSA
_beng
042 _adc
050 4 _aPZ
100 1 _aHope, Laura Lee
245 1 4 _aThe Moving Picture Girls at Sea ;
_bor, A Pictured Shipwreck That Became Real
_h[electronic resource] /
_cLaura Lee Hope
260 _bProject Gutenberg,
_c2006
506 _aPublic domain in the USA.
516 _aElectronic text
653 _aGirls -- Juvenile fiction
653 _aMotion pictures -- Production and direction -- Juvenile fiction
830 0 _aProject Gutenberg
_v18699
856 4 0 _uhttp://www.gutenberg.org/ebooks/18699
942 _cEB
999 _c247954
_d247954